| 000 | 01320nam0a2200349 i 4500 | ||
|---|---|---|---|
| 001 | RU\NLR\bibl\2075492 | ||
| 005 | 20241105173715.0 | ||
| 010 |
_a9785905933110 _9500 |
||
| 021 |
_aRU _b2013-65005 _94449 |
||
| 035 | _a(nilc)RuMoRGB-006632662 | ||
| 035 | _a(NLR Aleph) 002061384 | ||
| 090 |
_a4685600 _c4685600 |
||
| 100 | _a20130819d2013 u y0rusy50 ca | ||
| 101 | 0 | _arus | |
| 102 | _aRU | ||
| 105 | _aa z ||||| | ||
| 200 | 1 |
_aПосвящения мои... _e[стихотворения и поэма] _fАлексей Ивунин _g[худож. В.М. Лузин] |
|
| 210 |
_aЕкатеринбург _cМарафон _d2013 |
||
| 215 |
_a127 с. _cил., портр. _d17 |
||
| 600 | 1 |
_aЛузин _bВ.М. _f1948 _gВладимир Михайлович _92160112 _3RU\NLR\auth\661604737 |
|
| 686 | _aШ6(2=Р)8-5 | ||
| 686 | _aЩ153(2Р=Рус)7-8Лузин | ||
| 700 | 1 |
_aИвунин _bА. В. _f1947- _gАлексей Всеволодович _4070 |
|
| 702 | 1 |
_aЛузин _bВ. М. _f1948- _gВладимир Михайлович _4040 |
|
| 801 | 0 |
_aRU _bRuMoRKP _c20130819 _gRCR |
|
| 801 | 2 |
_aRU _bРГБ _c20130905 _grcr |
|
| 801 | 1 |
_aRU _bRuMoRKP _c20130819 _2rusmarc |
|
| 801 | 2 |
_aRU _bNLR _c20130926 _grcr |
|
| 942 | _cBOOK | ||
| 980 | _aNBR | ||